| 000 | 00816nas a2200253 4500 | ||
|---|---|---|---|
| 001 | BR2016001561 | ||
| 003 | BR-BrBNA | ||
| 005 | 20231205130302.0 | ||
| 007 | ta | ||
| 008 | 230509b bl.|||p| |||| 00| 00por d | ||
| 040 |
_aBR-BrBNA _bpor _cBiblioteca Nacional de Agricultura |
||
| 041 | _a(Pt) | ||
| 072 | _aE11; E14 | ||
| 100 | 1 | _aNavarro, Z.S. de | |
| 100 | 1 | _aCampos, S.K. | |
| 245 | 1 | _aA "pequena produção rural" no brasil e as tendências do desenvolvimento agrário brasileiro | |
| 650 | _aPRODUTOR RURAL | ||
| 650 | _aAGRICULTURA FAMILIAR | ||
| 650 | _aREFORMA AGRÁRIA | ||
| 650 | _aDESENVOLVIMENTO RURAL | ||
| 773 | 0 |
_tRevista de Extensão e Estudos Rurais (Brazil) _xISSN 2179-5320 _g(2014), v. 3(1) p. 25-92 _wBR2016001561 |
|
| 909 |
_a202311 _bLúcia _c55 _dLúcia Elande |
||
| 942 |
_2AGRIS _n0 _cANA |
||
| 999 |
_c248649 _d248649 |
||